000 00844cam a2200265 i 4500
001 TB12569
003 IN-BhIIT
005 20260530110949.0
008 130511s2013 ne a b 001 0 eng
020 _a9789382291527 (pbk.)
040 _aIN-BhIIT
041 _aeng
082 0 0 _a621.381
_bHAR/D
100 1 _aHarris, David Money.
_eAuthor
_925024
245 1 0 _aDigital design and computer architecture /
_cDavid Money Harris and Sarah L. Harris.
250 _a2nd ed.
260 _aAmsterdam :
_bMorgan Kaufmann,
_c2019.
300 _axxiv, 690 pages :
_billustrations ;
_c24 cm
504 _aIncludes bibliographical references and index.
650 0 _aDigital electronics.
_926602
650 0 _aLogic design.
_94965
650 0 _aComputer architecture.
_926984
700 1 _aHarris, Sarah L.
_eJoint author
_925023
942 _cTB
_019
999 _c15094
_d15094